Statistiques concernant Elimination par catégorie - Départements français

Cliquez ici pour prendre le quiz!

Statistiques générales

  • Ce quiz a été pris 14 827 fois
  • Le résultat moyen est 14 sur 20

Statistiques - réponses

Groupe#Catégorie% Correct
Green71Départements sans accès à la mer
99%
Green35... et avec un numéro inférieur à 50
97%
Yellow101Départements français
92%
Yellow40... situé entièrement à l'est de Paris
89%
Blue96Départements de France métropolitaine
88%
Blue80... situé entièrement à l'est de Bordeaux
86%
Pink89Départements de plus de 3000 km²
82%
Pink54... en un seul mot
81%
Blue33... contenant la lettre T
80%
Green14... situé entièrement au sud de Lyon
78%
Green9... et au nord de Nice
71%
Pink7... de plus d'un million d'habitants
71%
Yellow6... contenant au moins trois mots
70%
Pink5... portant le nom d'un fleuve ou rivière
63%
Yellow4... mais pas le mot « et »
60%
Green1... en trois lettres.Lot
44%
Yellow1... situé sur une île.Corse-du-Sud
42%
Blue3... avec moins de 150'000 habitants
40%
Pink1... qui ne le traverse pas.Var
28%
Blue1… et où l'Occitan n'est pas parlé.T. de Belfort
22%

Distribution des résultats

Percentile par nombre de réponses

% des personnes avec chaque résultat

Votre développement - résultats

Vous n’avez pas pris ce quiz